|
|
|
|
| LEADER |
00000cam a2200000 7i4500 |
| 001 |
0000085646 |
| 005 |
20200930.0 |
| 008 |
200930 |
| 020 |
|
|
|a 9789672116592
|
| 041 |
0 |
|
|a Malay
|
| 090 |
0 |
0 |
|a AZI
|b MAL
|
| 100 |
0 |
|
|a Azieana
|
| 245 |
1 |
0 |
|a Paling aku cinta
|c Azieana
|
| 260 |
|
|
|a Kuala Lumpur :
|b Dear Novels Sdn. Bhd. ,
|c 2019
|
| 300 |
|
|
|a 542 p. ;
|c 18.4 cm.
|
| 541 |
0 |
0 |
|c Purchased on 2020
|f 2020/701 CRP
|h RM30.00
|
| 650 |
|
0 |
|a Malay fiction
|
| 999 |
|
|
|a 0001629344
|b Book
|c Adult Collection
|e Cawangan Mersing
|
| 999 |
|
|
|a 0001629345
|b Book
|c Adult Collection
|e Cawangan Segamat
|
| 999 |
|
|
|a 0001629346
|b Book
|c Adult Collection
|e Cawangan Kota Tinggi
|
| 999 |
|
|
|a 0001629347
|b Book
|c Adult Collection
|e Cawangan Pontian
|
| 999 |
|
|
|a 0001629348
|b Book
|c Adult Collection
|e Cawangan Bukit Gambir
|
| 999 |
|
|
|a 0001629349
|b Book
|c Adult Collection
|e Cawangan Taman Sri Lambak
|
| 999 |
|
|
|a 0001629350
|b Book
|c Adult Collection
|e Cawangan Bandar Penawar
|
| 999 |
|
|
|a 0001629351
|b Book
|c Adult Collection
|e Cawangan Tangkak
|
| 999 |
|
|
|a 0001629352
|b Book
|c Adult Collection
|e Cawangan Tmn. Ungku Tun Aminah
|
| 999 |
|
|
|a 0001629354
|b Book
|c Adult Collection
|e Cawangan Batu Pahat
|
| 999 |
|
|
|a 0001629355
|b Book
|c Adult Collection
|e Cawangan Muar
|
| 999 |
|
|
|a 0001629356
|b Book
|c Adult Collection
|e Cawangan Bandar Tenggara
|
| 999 |
|
|
|a 0001629357
|b Book
|c Adult Collection
|e Cawangan Taman Universiti
|
| 999 |
|
|
|a 0001632436
|b Book
|c Adult Collection
|e Perbadanan Perpustakaan Awam Johor
|
| 999 |
|
|
|a 0001632437
|b Book
|c Adult Collection
|e Cawangan Urban Transformation Centre
|
| 999 |
|
|
|a 0001632438
|b Book
|c Adult Collection
|e Cawangan AEON Kulaijaya
|
| 999 |
|
|
|a 0001708740
|b Book
|c Adult Collection
|e Cawangan Sri Merlong
|